Central Library and Information Centre
Sibsagar Girls' College, Sivasagar : Assam

SAI BABA (Hindi) (Record no. 8708)

MARC details
000 -LEADER
fixed length control field 00456cam a2200193ua 4500
008 - FIXED-LENGTH DATA ELEMENTS--GENERAL INFORMATION
fixed length control field 160220n II |||gr||||Z||||||hin
040 ## - CATALOGING SOURCE
Original cataloging agency MAIN
041 ## - LANGUAGE CODE
-- English
082 ## - DEWEY DECIMAL CLASSIFICATION NUMBER
Classification number 920 SUK
100 ## - MAIN ENTRY--PERSONAL NAME
Personal name SUKLA , SANJAY .
245 ## - TITLE STATEMENT
Title SAI BABA (Hindi)
260 ## - PUBLICATION, DISTRIBUTION, ETC.
Place of publication, distribution, etc. DELHI:
Name of publisher, distributor, etc. REEMA & CO,
Date of publication, distribution, etc. 2009.
300 ## - PHYSICAL DESCRIPTION
Extent 128:
Dimensions 20CM.
500 ## - GENERAL NOTE
General note Free Copy by Publisher
700 ## - ADDED ENTRY--PERSONAL NAME
Personal name SUKLA , SANJAY .,
Relator term Author.
942 ## - ADDED ENTRY ELEMENTS (KOHA)
Koha item type Books
653 ## - INDEX TERM--UNCONTROLLED
Uncontrolled term Hindi Books
Holdings
Withdrawn status Lost status Damaged status Not for loan Collection code Home library Current library Shelving location Date acquired Full call number Barcode Date last seen Copy number Price effective from Koha item type
        General Reference Central Library and Information Centre Sibsagar Girls College Central Library and Information Centre Sibsagar Girls College Biography 04.02.1984 920 SUK 08016 27.02.2020 1 27.02.2020 Books


Sibsagar Girl's College © 2020. All rights reserved.
Powered by Koha.
Maintained by Abhijit Borpuzari.